[Event "Jesenik Rapid op"]
[Site "Jesenik"]
[Date "2023.08.18"]
[Round "1"]
[White "Eretova, Jana"]
[Black "Bartusik, Jan"]
[Result "1-0"]
[WhiteElo "2020"]
[BlackElo "1096"]
[PlyCount "47"]
[EventDate "2023.08.18"]
[EventType "swiss (rapid)"]
[EventRounds "9"]
[EventCountry "CZE"]
[SourceTitle "EXT 2024"]
[Source "ChessBase"]
[SourceDate "2023.10.10"]
[SourceVersion "1"]
[SourceVersionDate "2023.10.10"]
[SourceQuality "1"]

1. e4 e5 2. Nf3 Nc6 3. Bb5 Qf6 4. 0-0 Bc5 5. c3 Qg6 6. Bxc6 bxc6 7. Nxe5 Qxe4 8. Re1 Bxf2+ 9. Kxf2 Qf5+ 10. Nf3+ Ne7 11. Qe2 Qf6 12. d4 Bb7 13. Bg5 Qe6 14. Bxe7 Kxe7 15. Qd2 Rae8 16. Rxe6+ dxe6 17. Qg5+ Kf8 18. Nbd2 h6 19. Qg3 g5 20. Ne5 Re7 21. Kg1 f6 22. Ng6+ Kf7 23. Nxe7 Kxe7 24. Qxc7+ 1-0